|
|
|
|
| LEADER |
01636nam a2200421 i 4500 |
| 001 |
EBC4809803 |
| 003 |
MiAaPQ |
| 005 |
20200520144314.0 |
| 006 |
m o d | |
| 007 |
cr cnu|||||||| |
| 008 |
170309t20172017enk ob 001 0 eng d |
| 020 |
|
|
|z 9781472470690
|
| 020 |
|
|
|a 9781317149538 (e-book)
|
| 035 |
|
|
|a (MiAaPQ)EBC4809803
|
| 035 |
|
|
|a (Au-PeEL)EBL4809803
|
| 035 |
|
|
|a (CaPaEBR)ebr11349165
|
| 035 |
|
|
|a (CaONFJC)MIL993830
|
| 035 |
|
|
|a (OCoLC)974584074
|
| 040 |
|
|
|a MiAaPQ
|b eng
|e rda
|e pn
|c MiAaPQ
|d MiAaPQ
|
| 050 |
|
4 |
|a D14
|b .D577 2017
|
| 082 |
0 |
|
|a 907.202
|2 23
|
| 245 |
0 |
0 |
|a Displaced archives /
|c edited by James Lowry.
|
| 264 |
|
1 |
|a London, [England] ;
|a New York :
|b Routledge,
|c 2017.
|
| 264 |
|
4 |
|c 2017
|
| 300 |
|
|
|a 1 online resource (239 pages)
|
| 336 |
|
|
|a text
|2 rdacontent
|
| 337 |
|
|
|a computer
|2 rdamedia
|
| 338 |
|
|
|a online resource
|2 rdacarrier
|
| 504 |
|
|
|a Includes bibliographical references at the end of each chapters and index.
|
| 588 |
|
|
|a Description based on online resource; title from PDF title page (ebrary, viewed March 6, 2017).
|
| 590 |
|
|
|a Electronic reproduction. Ann Arbor, MI : ProQuest, 2016. Available via World Wide Web. Access may be limited to ProQuest affiliated libraries.
|
| 650 |
|
0 |
|a Historians.
|
| 650 |
|
0 |
|a Archivists.
|
| 655 |
|
4 |
|a Electronic books.
|
| 700 |
1 |
|
|a Lowry, James,
|e editor.
|
| 776 |
0 |
8 |
|i Print version:
|t Displaced archives.
|d London, [England] ; New York : Routledge, c2017
|h ix, 227 pages
|z 9781472470690
|
| 797 |
2 |
|
|a ProQuest (Firm)
|
| 856 |
4 |
0 |
|u https://ebookcentral.proquest.com/lib/matrademy/detail.action?docID=4809803
|z Click to View
|